01180nam a2200193Ia 4500001001000000003001000010008004100020040002500061041001300086100002500099245006400124250001100188260008800199300002800287500026400315501011400579520026400693650002900957L232-6817IT-CnALBA170116s9999||||xx |||||||||||||| ||und|| aIT-CnALBAcIT-CnALBA aITALIANO aMASSERON FELICE, SJ. 0aIL CUORE TRAFITTO DI GESÙ AL CUORE DELL'ANIMA RELIGIOSA.  a1a ed. a MONZAbARTIGIANELLI SCUOLA TIPOGR. c1927 [1° Ed.:1927 - Ed.Ling.Originale: 1927] a264 p. (prefazione: 59) a33 MEDITAZIONI. IL CUORE DI GESÙ AI RELIGIOSI. VITTIMA DIVINA. SACRIFICIO DEL SACRO CUORE. GESÙ A BETLEMME. CIRCONCISIONE. MAGI. PRESENTAZIONE AL TEMPIO. PERSECUZIONE DI ERODE. PREGHIERA E DIMORA NEL TEMPIO. A NAZARETH. TEMPO DI DESERTO. VITA PUBBLICA. PA aSocietà San Paolo EM - Piazza San Paolo, 14 - 12051 ALBA (CN) (non commercial uses only) ® Copyright 2017 a33 MEDITAZIONI. IL CUORE DI GESÙ AI RELIGIOSI. VITTIMA DIVINA. SACRIFICIO DEL SACRO CUORE. GESÙ A BETLEMME. CIRCONCISIONE. MAGI. PRESENTAZIONE AL TEMPIO. PERSECUZIONE DI ERODE. PREGHIERA E DIMORA NEL TEMPIO. A NAZARETH. TEMPO DI DESERTO. VITA PUBBLICA. PA aVITA E MISTERO DI CRISTO